00509nam a2200193Ia 4500003000900000008004100009040001300050040001300063041000800076100002500084100000800109245005300117250001000170260001300180260000900193300001000202490000600212600009700218IT-RoPAU120407s9999 xx 000 0 und d aIT-RoPAU cIT-RoPAU aita aAngelo Di Bernardino ccur aDizionario patristico e di antichità cristiane aRoma  aMarietti c1983 c24 cm v1 a" 1° v. A-F 1411 p. 2° v. G-Z 3630 p. 3° v. Atlante patristico - Indici 420 p. "